Urban containment and residential segregation: a preliminary investigation (Record no. 60014)

000 -LEADER
fixed length control field 01315pab a2200157 454500
008 - FIXED-LENGTH DATA ELEMENTS--GENERAL INFORMATION
fixed length control field 180718b2004 xxu||||| |||| 00| 0 eng d
100 ## - MAIN ENTRY--PERSONAL NAME
Personal name Nelson, Arthur C.
245 ## - TITLE STATEMENT
Title Urban containment and residential segregation: a preliminary investigation
260 ## - PUBLICATION, DISTRIBUTION, ETC.
Date of publication, distribution, etc. 2004
300 ## - PHYSICAL DESCRIPTION
Extent p.423-39.
362 ## - DATES OF PUBLICATION AND/OR SEQUENTIAL DESIGNATION
Dates of publication and/or sequential designation Feb
520 ## - SUMMARY, ETC.
Summary, etc. A fundamental purpose of traditional land-use controls is to exclude undesirable land uses from residential communities. However, such regulations have been shown to limit the ability of low-income households and people of colour to find suitable housing in decent neighbourhoods. Urban containment is an attempt to regulate land uses in ways that reduce if not eliminate social exclusion. This paper uses information from a nation-wide survey of metropolitan planning organisations to identify metropolitan areas with urban containment programmes in place. A theory is developed and a model is applied to 242 metropolitan statistical areas to test the hypothesis that areas with urban containment witnessed greater reductions in residential segregation than those without. Preliminary statistical investigations show this to be the case. Policy implications and an outline for further research are provided. - Reproduced.
650 ## - SUBJECT ADDED ENTRY--TOPICAL TERM
Topical term or geographic name entry element Land use
773 ## - HOST ITEM ENTRY
Main entry heading Urban Studies
909 ## -
-- 60014
Holdings
Withdrawn status Lost status Damaged status Not for loan Permanent Location Current Location Date acquired Serial Enumeration / chronology Barcode Date last seen Price effective from Koha item type
        Indian Institute of Public Administration Indian Institute of Public Administration 2018-07-19 Volume no: 41, Issue no: 2 AR60459 2018-07-19 2018-07-19 Articles

Powered by Koha